000 00482nam a2200181Ia 4500
005 20250326123956.0
008 250326s9999 xx 000 0 und d
037 _aTextbook
040 _aFMSL
_beng
_cFMSL
041 _aeng
_2eng
084 _aV448 L1
_qFMSL
100 _aIIPA
245 0 _aOrganisation of the government of India
_cIIPA
260 _aNew Delhi
_bNew Delhi, Somaiya
_c1971
300 _a539p
942 _cTB
_hV448 L1
999 _c1271720
_d1271720